<?xml version="1.0" encoding="UTF-8"?><?xml-stylesheet type="text/xsl" href="static/style.xsl"?><OAI-PMH xmlns="http://www.openarchives.org/OAI/2.0/" xmlns:xsi="http://www.w3.org/2001/XMLSchema-instance" xsi:schemaLocation="http://www.openarchives.org/OAI/2.0/ http://www.openarchives.org/OAI/2.0/OAI-PMH.xsd"><responseDate>2026-04-14T07:59:00Z</responseDate><request verb="GetRecord" identifier="oai:www.recercat.cat:10230/53102" metadataPrefix="marc">https://recercat.cat/oai/request</request><GetRecord><record><header><identifier>oai:recercat.cat:10230/53102</identifier><datestamp>2025-12-24T08:37:45Z</datestamp><setSpec>com_2072_6</setSpec><setSpec>col_2072_452952</setSpec></header><metadata><record xmlns="http://www.loc.gov/MARC21/slim" xmlns:dcterms="http://purl.org/dc/terms/" xmlns:xsi="http://www.w3.org/2001/XMLSchema-instance" xmlns:doc="http://www.lyncode.com/xoai" xsi:schemaLocation="http://www.loc.gov/MARC21/slim http://www.loc.gov/standards/marcxml/schema/MARC21slim.xsd">
   <leader>00925njm 22002777a 4500</leader>
   <datafield ind2=" " ind1=" " tag="042">
      <subfield code="a">dc</subfield>
   </datafield>
   <datafield ind2=" " ind1=" " tag="720">
      <subfield code="a">Rodero Antón, Emma</subfield>
      <subfield code="e">author</subfield>
   </datafield>
   <datafield ind2=" " ind1=" " tag="720">
      <subfield code="a">Potter, Robert F.</subfield>
      <subfield code="e">author</subfield>
   </datafield>
   <datafield ind2=" " ind1=" " tag="260">
      <subfield code="c">2022-05-17T05:57:29Z</subfield>
   </datafield>
   <datafield ind2=" " ind1=" " tag="260">
      <subfield code="c">2022-05-17T05:57:29Z</subfield>
   </datafield>
   <datafield ind2=" " ind1=" " tag="260">
      <subfield code="c">2021</subfield>
   </datafield>
   <datafield ind2=" " ind1=" " tag="520">
      <subfield code="a">Most consumers do not like the speech style that announcers use in marketing messages. The main reason is an exaggerated way of speaking with a strong emphasis. Indeed, announcers tend to stress too many words in commercials, producing an overly emphatic speech style, which sounds choppy and stuttering. This study analyzes how different strategies of emphasizing words in commercials affect the listeners&amp;apos; cognitive processing. Four different strategies (no emphasis, moderate-low, moderate-high, and over-emphasis) were applied to 16 commercials. Participants (N = 52) had their physiological response (heart rate and skin conductance) measured during ad presentation. Afterward they assessed the commercials&amp;apos; effectiveness and adequacy and performed an immediate recall and a recognition test. The results indicated that the commercials presenting a moderate emphasis (low and high) improved the listeners&amp;apos; cognitive processing compared to messages with no emphasis strategy and the standard industry practice of using over-emphasis.</subfield>
   </datafield>
   <datafield ind2=" " ind1=" " tag="520">
      <subfield code="a">This study was supported by a Marie Curie International Outgoing Fellowship within the 7th European Community Framework Programme (FP7-PEOPLE-2012-IOF, 328636). Thanks to the Institute for Communication Research in The Media School at Indiana University where this study was conducted.</subfield>
   </datafield>
   <datafield tag="653" ind2=" " ind1=" ">
      <subfield code="a">advertising</subfield>
   </datafield>
   <datafield tag="653" ind2=" " ind1=" ">
      <subfield code="a">cognitive processing</subfield>
   </datafield>
   <datafield tag="653" ind2=" " ind1=" ">
      <subfield code="a">memory</subfield>
   </datafield>
   <datafield tag="653" ind2=" " ind1=" ">
      <subfield code="a">psychophysiology</subfield>
   </datafield>
   <datafield ind2="0" ind1="0" tag="245">
      <subfield code="a">Do not sound like an announcer: the emphasis strategy in commercials</subfield>
   </datafield>
</record></metadata></record></GetRecord></OAI-PMH>